Statistics for Football League Teams and Stadiums

Click here to take the quiz!

General Stats

  • This quiz has been taken 15 times
  • The average score is 54 of 184

Answer Stats

Answer% Correct
Premier LeagueArsenal
100%
StadiumEmirates Stadium
100%
Premier LeagueChelsea
91%
StadiumEtihad Stadium
82%
Premier LeagueManchester City
82%
Premier LeagueManchester United
82%
Premier LeagueNewcastle United
82%
StadiumOld Trafford
82%
StadiumStamford Bridge
82%
StadiumSt James' Park
82%
StadiumSt James Park
82%
StadiumAnfield
73%
Premier LeagueAston Villa
73%
Premier LeagueCrystal Palace
73%
Premier LeagueEverton
73%
ChampionshipFulham
73%
Premier LeagueLeicester City
73%
Premier LeagueLiverpool
73%
Premier LeagueSouthampton
73%
Premier LeagueTottenham Hotspur
73%
Premier LeagueWest Ham United
73%
Premier LeagueWolverhampton Wanderers
73%
ChampionshipAFC Bournemouth
64%
ChampionshipBirmingham City
64%
Premier LeagueBrentford
64%
Premier LeagueBurnley
64%
StadiumCraven Cottage
64%
StadiumGoodison Park
64%
StadiumKing Power Stadium
64%
Premier LeagueLeeds United
64%
StadiumLondon Stadium
64%
StadiumMolineux Stadium
64%
Premier LeagueNorwich City
64%
Premier LeagueBrighton & Hove Albion
55%
StadiumElland Road
55%
ChampionshipHuddersfield Town
55%
ChampionshipMiddlesbrough
55%
ChampionshipNottingham Forest
55%
League OnePortsmouth
55%
ChampionshipQueens Park Rangers
55%
StadiumStadium of Light
55%
StadiumSt Mary's Stadium
55%
League OneSunderland AFC
55%
ChampionshipSwansea City
55%
StadiumVilla Park
55%
Premier LeagueWatford
55%
League OneAFC WImbledon
45%
League OneBolton Wanderers
45%
League OneCambridge United
45%
ChampionshipCardiff City
45%
ChampionshipDerby County
45%
League OneIpswich Town
45%
League TwoOldham Athletic
45%
League OneOxford United
45%
ChampionshipPeterborough United
45%
StadiumSelhurst Park
45%
StadiumVicarage Road
45%
ChampionshipBlackburn Rovers
36%
League OneCharlton Athletic
36%
ChampionshipCoventry City
36%
StadiumFalmer Stadium
36%
ChampionshipHull City
36%
ChampionshipLuton Town
36%
League OneMilton Keynes Dons
36%
League OnePlymouth Argyle
36%
ChampionshipReading
36%
ChampionshipSheffield United
36%
League OneSheffield Wednesday
36%
ChampionshipStoke City
36%
StadiumTottenham Hotspur Stadium
36%
StadiumTurf Moor
36%
League OneWycombe Wanderers
36%
ChampionshipBarnsley
27%
ChampionshipBristol City
27%
StadiumCarrow Road
27%
StadiumCity Ground
27%
League TwoExeter City
27%
League OneGillingham
27%
StadiumHillsborough
27%
League OneLincoln City
27%
StadiumLoftus Road
27%
ChampionshipMillwall
27%
ChampionshipPreston North End
27%
StadiumRiverside Stadium
27%
League OneRotherham United
27%
StadiumVitality Stadium
27%
ChampionshipWest Bromwich Albion
27%
League OneWigan Athletic
27%
League OneAccrington Stanley
18%
StadiumAdams Park
18%
League TwoBradford City
18%
StadiumBramall Lane
18%
StadiumBrentford Community Stadium
18%
League TwoBristol Rovers
18%
League OneBurton Albion
18%
StadiumCardiff City Stadium
18%
League TwoCarlisle United
18%
League TwoCrawley Town
18%
League OneCrewe Alexandra
18%
StadiumEwood Park
18%
StadiumFratton Park
18%
League TwoHartlepool United
18%
League TwoLeyton Orient
18%
League TwoMansfield Town
18%
League TwoNewport County
18%
League TwoNorthampton Town
18%
StadiumPride Park Stadium
18%
League TwoRochdale
18%
League TwoScunthorpe United
18%
StadiumSt Andrew's Stadium
18%
League TwoSutton United
18%
League TwoSwindon Town
18%
StadiumThe Hawthorns
18%
League TwoTranmere Rovers
18%
League TwoWalsall FC
18%
StadiumAbbey Stadium
9%
StadiumAshton Gate Stadium
9%
StadiumBanks's Stadium
9%
ChampionshipBlackpool
9%
StadiumBrunton Park
9%
League OneCheltenham Town
9%
StadiumCounty Ground
9%
StadiumCrown Ground
9%
StadiumDeepdale
9%
League OneDoncaster Rovers
9%
League OneFleetwood Town
9%
League TwoForest Green Rovers
9%
StadiumHighbury Stadium
9%
StadiumKassam Stadium
9%
StadiumKeepmoat Stadium
9%
StadiumLiberty Stadium
9%
StadiumMadejski Stadium
9%
League OneMorecambe
9%
StadiumNew York Stadium
9%
StadiumOakwell Stadium
9%
StadiumPortman Road
9%
League TwoPort Vale
9%
StadiumPrenton Park
9%
StadiumPriestfield Stadium
9%
League TwoSalford City
9%
League OneShrewsbury Town
9%
StadiumSincil Bank Stadium
9%
StadiumThe Valley
9%
StadiumVale Park
9%
StadiumWeston Homes Stadium
9%
League TwoBarrow
0%
StadiumBet365 Stadium
0%
StadiumBloomfield Road
0%
StadiumBoundary Park
0%
StadiumBrisbane Road
0%
StadiumBroadfield Stadium
0%
StadiumBroadhall Way
0%
StadiumColchester Community Stadium
0%
League TwoColchester United
0%
StadiumDW Stadium
0%
StadiumField Mill
0%
StadiumGander Green Lane
0%
StadiumGlanford Park
0%
StadiumGlobe Arena
0%
StadiumGresty Road
0%
League TwoHarrogate Town
0%
StadiumHolker Street
0%
StadiumHome Park
0%
StadiumKCOM Stadium
0%
StadiumKenilworth Road
0%
StadiumKirklees Stadium
0%
StadiumMemorial Stadium
0%
StadiumMoor Lane
0%
StadiumNew Meadow
0%
StadiumPirelli Stadium
0%
StadiumPlough Lane
0%
StadiumRicoh Arena
0%
StadiumRodney Parade
0%
StadiumSixfields Stadium
0%
StadiumSpotland Stadium
0%
StadiumStadium MK
0%
League TwoStevenage
0%
StadiumThe Den
0%
StadiumThe New Lawn
0%
StadiumUniversity of Bolton Stadium
0%
StadiumValley Parade
0%
StadiumVictoria Park
0%
StadiumWetherby Road
0%
StadiumWhaddon Road
0%

Score Distribution

Percentile by Number Answered

Percent of People with Each Score

Your Score History

You have not taken this quiz